| 000 | 01150cam a22003255i 4500 | ||
|---|---|---|---|
| 999 |
_c2819 _d2819 |
||
| 003 | EG-ScBUE | ||
| 005 | 20200205104804.0 | ||
| 008 | 200205t20062006maua f b 001 0 eng d | ||
| 020 | _a0618528741 (pbk.) | ||
| 020 | _a9780618528745 | ||
| 040 |
_aEG-ScBUE _beng _erda _cEG-ScBUE _dEG-ScBUE |
||
| 082 | 0 | 4 |
_a808.0427 _bMOS _222 |
| 100 | 1 |
_aMoseley, Ann, _eauthor. |
|
| 245 | 1 | 0 |
_aInteractions : _ba thematic reader / _cAnn Moseley, Texas A & M University-Commerce, Jeanette Harris, Texas Christian University. |
| 250 | _aSixth edition. | ||
| 264 | 1 |
_aBoston, MA. : _bHoughton Mifflin Company, _c[2006] |
|
| 264 | 4 | _cc2006 | |
| 300 |
_axxx, 539 pages : _billustrations ; _c24 cm |
||
| 336 |
_atext _btxt _2rdacontent |
||
| 337 |
_aunmediated _bn _2rdamedia |
||
| 338 |
_avolume _bnc _2rdacarrier |
||
| 504 | _aIncludes bibliographical references and index. | ||
| 650 | 7 |
_aCollege readers. _2BUEsh |
|
| 650 | 7 |
_aEnglish language _xRhetoric _vProblems, exercises, etc. _2BUEsh |
|
| 650 | 7 |
_aReport writing _vProblems, exercises, etc. _2BUEsh |
|
| 651 | _2BUEsh | ||
| 653 | _bHHUUEENN | ||
| 700 | 1 |
_aHarris, Jeanette, _d1936- _eauthor. |
|
| 942 |
_cBB _2ddc |
||